Mission : FCE 2 : coursebook : teacher's book

Αποθηκεύτηκε σε:
Λεπτομέρειες βιβλιογραφικής εγγραφής
Κύριος συγγραφέας: Evans, Virginia, 1945-
Άλλοι συγγραφείς: Dooley, Jenny
Μορφή: Βιβλίο
Γλώσσα:English
Δημοσίευση: Αθήνα : Express Publishing, 1998
Θέματα:
Ετικέτες: Προσθήκη ετικέτας
Δεν υπάρχουν, Καταχωρήστε ετικέτα πρώτοι!

MARC

LEADER 00000cam a2200000 i 4500
001 1/44283
008 031104s1998 eng d
020 |a 960-361-041-0 
035 |l 10071518 
040 |a GR-MY-UA  |b gre  |e aacr 
041 0 |a eng 
082 0 |a 428.24 
100 1 |a Evans, Virginia,   |d 1945- 
245 1 0 |a Mission :  |b FCE 2 : coursebook : teacher's book /  |c Virginia Evans, Jenny Dooley 
260 |a Αθήνα :   |b Express Publishing,   |c 1998 
300 |a 142 σ.;  |b εικ.;  |c 28 εκ. 
650 0 0 |a English language  |x Study and teaching  |x Foreign speakers. 
700 1 |a Dooley, Jenny. 
852 |a INST  |b LESVOS  |e 20031104  |h 428.24 EVA  |p 005100029632  |q 005100029632  |t BK  |y 0 
901 |a BIBL1-2003-3 
909 |a Λ  |b 104265 
970 |a ΚΑΡΑ  |b ΓΙΑΣΕΜΗ  |z 2003/11/04